01434nam a2200277 4500001000400000003000400004005001700008008004100025040000800066041000800074082001800082245004500100260003800145300001500183520048700198650003100685650001800716650003000734650001800764655002400782700003600806942001500842952014300857952014301000999001301143391OSt20250408160745.0250408b |||||||b |||| 00| 1 eng d bpor hpor aI 028.5bR871 aO Rouxinol /cIlustrações de Psonha aBelo HorizontebEducacionalc1998 a23 p.bil. aO conto fala sobre um rouxinol de canto maravilhoso que vivia livre em uma floresta na China. Um dia, o imperador ouviu falar da beleza de seu canto e mandou buscá-lo para cantar em seu palácio. Porém, o rouxinol foi preso em uma gaiola e, triste, parou de cantar. Percebendo a tristeza do pássaro, o imperador decidiu libertá-lo. Livre novamente, o rouxinol voltou a cantar alegremente, tornando-se amigo do imperador e trazendo alegria ao palácio com sua canção.  0aLiteratura Brasileira9205 0aInfantil9535 0aRespeito aos animais9820 0aRouxinol9821 0aLivro Infantil95681 aPsonha,d1980-eILUSTRADOR9823 2ddcn0cBK 00102ddc40708LIaBIBIBbBIBIBcINFd2025-04-08edoaçãol0oI 028.5 / R871p2025-17327r2025-04-08 13:15:35tEx. 01w2025-04-08yBK 00102ddc40708LIaBIBIBbBIBIBcINFd2025-04-08edoaçãol0oI 028.5 / R871p2025-17328r2025-04-08 13:15:35tEx. 02w2025-04-08yBK c391d391